| 000 | 00366nam a22001577a 4500 | ||
|---|---|---|---|
| 020 | _a978-0-141-32958-8 | ||
| 082 |
_a823 _bBEN/09 |
||
| 100 | _aBENTLEY, SUE | ||
| 245 |
_aMAGIC PONIES _bSHORT STORY |
||
| 246 |
_aMAGIC PONIES _bSHORT STORY |
||
| 260 |
_aLONDON _bPUFFIN BOOKS _c2009 |
||
| 300 | _a119 | ||
| 520 | _aSHORT STORY | ||
| 650 | _aSHORT STORY | ||
| 942 | _cBK | ||
| 999 |
_c1791 _d1791 |
||